Miasta w województwie śląskim - Statystyki

Ogólne statystyki
  • Ten quiz został rozwiązany 99 razy
    10 od ostatniego zresetowania
  • Średni wynik to 45 z 75
Statystyki odpowiedzi
lp. Populacja Odpowiedź % Poprawnych
7 149 576 Bytom
100%
4 171 023 Gliwice
100%
1 280 190 Katowice
100%
9 131 532 Ruda Śląska
100%
8 131 744 Rybnik
100%
16 63 892 Siemianowice Śląskie
100%
3 189 178 Sosnowiec
100%
17 61 817 Żory
100%
19 54 322 Będzin
90%
2 208 282 Częstochowa
90%
11 114 765 Dąbrowa Górnicza
90%
15 71 634 Mysłowice
90%
14 83 139 Jastrzębie-Zdrój
90%
10 123 105 Tychy
90%
24 45 120 Wodzisław Śląski
90%
6 155 430 Zabrze
90%
5 166 765 Bielsko-Biała
80%
12 101 914 Chorzów
80%
28 33 251 Cieszyn
80%
27 34 943 Czechowice-Dziedzice
80%
13 87 552 Jaworzno
80%
34 23 427 Lubliniec
80%
25 41 327 Mikołów
80%
20 52 137 Piekary Śląskie
80%
23 45 795 Świętochłowice
80%
18 61 439 Tarnowskie Góry
80%
47 10 711 Wisła
80%
30 29 878 Żywiec
80%
38 18 966 Bieruń
70%
29 30 165 Czeladź
70%
32 26 695 Czerwionka-Leszczyny
70%
31 29 717 Myszków
70%
39 17 153 Pyskowice
70%
21 50 130 Racibórz
70%
43 16 007 Ustroń
70%
22 46 727 Zawiercie
70%
36 21 274 Łaziska Górne
60%
41 16 466 Lędziny
60%
35 21 824 Orzesze
60%
33 25 260 Pszczyna
60%
40 17 026 Radlin
60%
42 16 132 Radzionków
60%
37 20 359 Rydułtowy
60%
44 13 613 Skoczów
60%
65 3 518 Toszek
60%
49 9 151 Blachownia
50%
51 8 209 Kalety
50%
26 35 899 Knurów
50%
55 6 461 Łazy
50%
56 5 714 Siewierz
50%
50 8 543 Wojkowice
50%
46 12 327 Kłobuck
40%
53 6 971 Miasteczko Śląskie
40%
63 4 115 Ogrodzieniec
40%
72 1 776 Pilica
40%
45 13 090 Pszów
40%
58 5 347 Szczyrk
40%
48 9 411 Imielin
30%
57 5 449 Koniecpol
30%
69 2 395 Koziegłowy
30%
68 2 493 Olsztyn
30%
54 6 879 Sławków
30%
64 3 560 Strumień
30%
66 3 370 Szczekociny
30%
67 3 180 Wilamowice
30%
61 4 145 Krzepice
20%
59 4 672 Kuźnia Raciborska
20%
52 8 179 Poręba
20%
71 1 964 Sośnicowice
20%
75 1 000 Janów
10%
70 2 030 Krzanowice
10%
73 1 144 Przyrów
10%
74 1 124 Włodowice
10%
62 4 143 Woźniki
10%
60 4 378 Żarki
10%
Nie znaleziono quizów pasujących do podanych kryteriów
Rozkład punktacji
Procent ludzi z każdym wynikiem
Percentyl według liczby udzielonych odpowiedzi
Twoja historia wyników
Nie rozwiązałeś tego quizu od ostatniego zresetowania